| 000 | 00591nam a2200241 a 4500 | ||
|---|---|---|---|
| 001 | nice12345678 | ||
| 003 | IN_TiNIC | ||
| 005 | 20260116011529.0 | ||
| 008 | 050524s1954 newa grp 000 0 eng | ||
| 020 |
_a _c100 |
||
| 082 | 0 | 0 |
_a291 _bBRA |
| 100 | _aBraden, Charles Samuel | ||
| 245 |
_aWorld`s Religion _b Short History. |
||
| 260 |
_aNew York _bAbingdon Press _c1954 |
||
| 300 | _a256p | ||
| 500 | _aincludes index and biblioraphy | ||
| 505 | 2 | _aBiblio, Index. | |
| 650 | _aReligion | ||
| 700 | 1 | _aBraden, Charles Samuel | |
| 902 | _bSRS | ||
| 942 | _cBK | ||
| 999 |
_c2366 _d2366 |
||